| 000 | 00368nam a22001577a 4500 | ||
|---|---|---|---|
| 999 |
_c522704 _d522704 |
||
| 003 | NUST | ||
| 020 | _a0821723030 | ||
| 038 | _awaseem | ||
| 082 |
_a813.54 _bSTE |
||
| 100 |
_aStevenson, William _912899 |
||
| 245 |
_aEclipse / _cWilliam Stevenson |
||
| 260 |
_aUnited States : _bZebra Books, _c1988. |
||
| 300 | _a558 p. ; | ||
| 500 | _aPaperback. | ||
| 942 |
_2ddc _cBK |
||